Aktualizácia bilancie spotreby tepla v hlavnom objekte Strojníckej fakulty STU v Bratislave

Salvato in:
Dettagli Bibliografici
Autore principale: Keder, Miroslav, 1987- (Autore)
Altri autori: Urban, František, 1952- (Relatore della tesi)
Natura: Manoscritto Libro
Lingua:slovacco
Pubblicazione: Bratislava : STU v Bratislave SjF, 2012
Soggetti:
Accesso online:VAIS
Tags: Aggiungi Tag
Nessun Tag, puoi essere il primo ad aggiungerne!!

MARC

LEADER 00000ntm a22000003a 4500
001 stu263725
005 20150617230221.8
008 130312s2012----xo------------------slo-d
040 |a STU  |b slo 
041 0 |a slo 
044 |a xo 
100 1 |a Keder, Miroslav,  |d 1987-  |4 aut  |u J  |T SjF Strojnícka fakulta  |X 49338  |U J  |Y 20  |7 A000049338 
242 0 0 |a Upgrading of heat consumption in the main building of the Faculty of Mechanical Engineering of STU in Bratislava  |y eng 
245 1 |a Aktualizácia bilancie spotreby tepla v hlavnom objekte Strojníckej fakulty STU v Bratislave 
260 |a Bratislava :  |b STU v Bratislave SjF,  |c 2012 
650 7 |a energetické strojárstvo  |2 stusub 
650 7 |a heating  |2 estusub 
650 7 |a heat  |2 estusub 
650 7 |a vykurovanie  |2 stusub 
650 7 |a teplo  |2 stusub 
700 1 |a Urban, František,  |d 1952-  |4 ths  |u J0060  |U SjF Strojnícka fakulta  |T SjF Ústav tepelnej energetiky  |X 2435  |U J0060  |Y 805  |7 A000002435 
856 4 |a info a plný text  |u http://is.stuba.sk/zp/portal_zp.pl?podrobnosti=95105  |3 VAIS 
996 |b 284J043155  |c J*1642/BP  |l JJSK  |s A  |a 24  |w stu263725_0001